Statistiques concernant Culture Générale - Série 2000

Cliquez ici pour prendre le quiz!

Statistiques générales

  • Ce quiz a été pris 231 fois
  • Le résultat moyen est 3 sur 10

Statistiques - réponses

QuestionRéponse% Correct
Ce nom désigne une personne qui s'admire et se contemple et une fleur jaune appelée jonquillenarcisse
92%
C'est une fleur et aussi une réflexion - voir photopensée
87%
Dans quel état des Etats Unis se trouve "la vallée de la mort" ?Californie
68%
Quelle ville de Virginie aux Etats Unis est le siège de la CIA ?Langley
24%
Quelle fleur, dont le nom signifie "ne m'oublie pas" en anglais et espagnol, a été choisie comme symbole du centenaire du génocide arménien ?myosotis
20%
Nom donné en Angleterre à la noblesse non titrée.gentry
11%
Ce nom peut désigner un animal, une plante ou un engin de siège - 6 lettres commençant par " o "onagre
11%
Quelle est la devise monétaire du Lesotho ?loti
4%
Vent glacé et brutal qui souffle sur la mer Adriatiquebora
3%
Quel poisson est appelé "cochon de mer" ?baliste
2%

Distribution des résultats

Percentile par nombre de réponses

% des personnes avec chaque résultat

Votre développement - résultats

Vous n’avez pas pris ce quiz